Australian geography by letter: L - Statistics

General Stats
  • This quiz has been taken 16 times
  • The average score is 5 of 11
Answer Stats
Hint Answer % Correct
Founded in 1806, this is one of the oldest cities in Australia Launceston
77%
The economy of this town in the Gippsland lakes district depends on fishing and tourism Lakes Entrance
69%
Opal mining town in outback NSW Lightning Ridge
69%
Large local government area south of Brisbane Logan
69%
A national park south of Darwin featuring many waterfalls Litchfield National Park
62%
Uninhabited Sydney suburb and the location of Australis's only nuclear reactor Lucas Heights
62%
National park and plateau on the Queensland/NSW border; also a suburb of Kalgoorie Lamington
46%
Fabled gold deposit in Central Australia that no-one has ever been able to find Lasseter's Reef
23%
The oldest human remains discovered in Australia were found at this site in western NSW Lake Mungo
15%
Striking geographical feature formed by the erosion of cliffs near the Great Ocean Road, and a natural bridge that collapsed about an hour after I stood on it (it was not my fault) Loch Ard Gorge
8%
The people whose traditional land includes Darwin Larrakia
0%
No matching quizzes found
Score Distribution
Percent of People with Each Score
Percentile by Number Answered
Your Score History
You have not taken this quiz